Who Wrote That 'P' or 'Q' Book? Quiz Stats

Quiz not verified by Sporcle

Challenge
Share
Tweet
Embed
Score 0/20 Timer 05:00
0 Plays Today
Question Answer Wrong Answers
Pride and Prejudice Jane Austen
91.5%
Charlotte Brontë
3.8%
George Eliot
0.6%
Thomas Hardy
0.7%
The Picture of Dorian Gray Oscar Wilde
90.5%
Mary Shelley
2.6%
Bram Stoker
1.1%
Jules Verne
2.3%
Paradise Lost John Milton
88.1%
Edmund Spenser
1.5%
Walt Whitman
4.7%
Elizabeth Barrett Browning
2.1%
Prince Caspian C.S. Lewis
86.2%
Lloyd Alexander
4.6%
Madeleine L'Engle
4%
J.R.R. Tolkien
2.2%
Pippi Longstocking Astrid Lindgren
81.8%
L. Frank Baum
2.9%
Enid Blyton
7.1%
Lemony Snicket
4.4%
A Portrait of the Artist as a Young Man James Joyce
79.8%
Samuel Beckett
10.4%
Patrick McCabe
3.3%
Colm Tóibín
2.7%
Peter and Wendy J.M. Barrie
79.5%
Lewis Carroll
6.3%
Roald Dahl
4.2%
Hugh Lofting
6.2%
The Prince and the Pauper Mark Twain
79.4%
Nathaniel Hawthorne
8.4%
Louisa May Alcott
3.4%
Harriet Beecher Stowe
5.3%
A Passage to India E.M. Forster
73.2%
Rudyard Kipling
18.2%
John Masters
2.3%
Paul Scott
1.9%
The Portrait of a Lady Henry James
71.4%
Gustave Flaubert
12.8%
Kate Chopin
8.3%
H.G. Wells
4%
The Quiet American Graham Greene
69.3%
Joseph Heller
8.5%
Kurt Vonnegut
6.9%
Dalton Trumbo
10.9%
The Pearl John Steinbeck
68.7%
Richard Bach
9.3%
William Styron
10.3%
Norman Maclean
7.4%
A Prayer for Owen Meany John Irving
64.4%
Tim O'Brien
10.5%
John Cheever
12.9%
William Maxwell
7.9%
Push Sapphire
59.6%
Toni Morrison
18.4%
Maya Angelou
6.7%
Alice Walker
11.1%
The Phantom of the Opera Gaston Leroux
58.6%
Émile Zola
10.2%
Guy de Maupassant
24.1%
Stendhal
3.5%
Portnoy's Complaint Philip Roth
57.8%
Thomas Pynchon
21.8%
Joseph Heller
8.2%
J.P. Donleavy
7.8%
The Princess Bride William Goldman
56%
Susan Cooper
11.9%
Diana Wynne Jones
18.1%
Poul Anderson
9.7%
The Phantom Tollbooth Norton Juster
41.7%
Philip Pullman
25.9%
Christopher Paolini
12.6%
Anne McCaffrey
15.6%
Pale Fire Vladimir Nabokov
40.9%
Italo Calvino
17.3%
Richard Adams
14.4%
David Foster Wallace
22.6%
Quo Vadis Henryk Sienkiewicz
34.6%
Stanisław Lem‎
24.5%
Jerzy Kosiński
20.1%
Joseph Conrad
16.7%

You're not logged in!

Compare scores with friends on all Sporcle quizzes.
Join for Free
OR
Log In

You Might Also Like...

Show Comments

Extras

Top Quizzes Today


Score Distribution

Your Account Isn't Verified!

In order to create a playlist on Sporcle, you need to verify the email address you used during registration. Go to your Sporcle Settings to finish the process.

Report this User

Report this user for behavior that violates our Community Guidelines.

Details: